| 000 | 00797nam a22002295i 4500 | ||
|---|---|---|---|
| 001 | 54469 | ||
| 003 | ES-MaACL | ||
| 005 | 20250704063111.0 | ||
| 007 | t| | ||
| 008 | 960724s1893 fr ||||1| fre d | ||
| 040 |
_aCAM _bspa _cCAM |
||
| 100 | 1 |
_aFouillée, Alfred, _d1838-1912 _951939 |
|
| 245 | 1 | 0 |
_aDescartes / _cpar Alfred Fouillée. |
| 260 |
_aParis : _bLibrairie Hachette et Cie., _c1893 ( _eCoulommiers : _fimp. Paul Brodard) |
||
| 300 |
_a206, [1] p., [1] h. de lám. ; _c19 cm. |
||
| 490 | 1 | _aLes grands écrivains français | |
| 500 | _aLa lám. retrato del biografiado. | ||
| 600 | 1 | 4 |
_aDescartes, René, _d1596-1650 _943838 |
| 830 | 0 |
_aLes grands écrivains français _9182230 |
|
| 852 |
_aES-MaACL _jB-3179(1) _z.- Encuadernado con otra obra |
||
| 999 |
_c54469 _d54469 |
||